[Event "10th Zudov Mem 2014"]
[Site "Nizhny Tagil RUS"]
[Date "2014.09.15"]
[Round "5.2"]
[White "Ivanov, Andrew"]
[Black "Maletin, Pavel"]
[Result "0-1"]
[WhiteTitle "IM"]
[BlackTitle "GM"]
[WhiteElo "2407"]
[BlackElo "2570"]
[WhiteFideId "4188080"]
[BlackFideId "4146786"]
[EventDate "2014.09.11"]

1. d4 Nf6 2. c4 e6 3. Nc3 Bb4 4. e3 O-O 5. Bd3 c5 6. Nf3 d5 7. O-O cxd4 8. exd4
dxc4 9. Bxc4 b6 10. Qe2 Bb7 11. Rd1 Nc6 12. d5 exd5 13. Nxd5 Nxd5 14. Bxd5 Qf6
15. Bg5 Qg6 16. Rac1 Bc5 17. a3 Rae8 18. Qc2 Qxc2 19. Rxc2 a5 20. b4 axb4 21.
axb4 Nxb4 22. Rxc5 Nxd5 23. Rcxd5 Bxd5 24. Rxd5 b5 25. Bf4 Rd8 26. Re5 Rd1+ 27.
Ne1 f6 28. Re3 Ra8 29. f3 b4 30. Bg3 Rb1 31. Re7 b3 32. Rb7 b2 33. Kf2 Rxe1 34.
Rxb2 Rea1 35. Bf4 R1a2 36. Rxa2 Rxa2+ 37. Kg3 Kf7 38. h4 h5 39. Be3 Ke6 40. Bc5
Kd5 41. Bf8 g6 42. Be7 f5 43. Bf6 Kc4 44. Be5 Kd3 45. Bc7 Ra4 46. Bd8 Ke2 47.
Be7 Kf1 48. Kh3 Ra2 49. g4 Kf2 50. gxf5 gxf5 51. f4 Kf3 52. Bd6 Ra4 53. Bc7 Rxf4
54. Bb8 Rg4 55. Ba7 Ke2 56. Bb6 f4 57. Bc5 f3 58. Bb6 f2 59. Bxf2 Kxf2 0-1

[Event "10th Zudov Mem 2014"]
[Site "Nizhny Tagil RUS"]
[Date "2014.09.15"]
[Round "5.3"]
[White "Matsenko, Sergei"]
[Black "Khegay, Dmitriy"]
[Result "1-0"]
[WhiteTitle "IM"]
[BlackTitle "FM"]
[WhiteElo "2485"]
[BlackElo "2375"]
[WhiteFideId "4170083"]
[BlackFideId "24153729"]
[EventDate "2014.09.11"]

1. Nf3 d5 2. c4 d4 3. b4 f6 4. d3 e5 5. a3 a5 6. b5 Bd6 7. e3 c5 8. exd4 cxd4 9.
Nbd2 Nd7 10. Ne4 Nc5 11. Nxc5 Bxc5 12. g3 Ne7 13. Bg2 O-O 14. O-O Ng6 15. a4 Bf5
16. Qe2 Qd7 17. Nd2 Rac8 18. Nb3 Bb4 19. Bd2 Bxd2 20. Qxd2 Bh3 21. Bxh3 Qxh3 22.
Nxa5 f5 23. f4 exf4 24. Qg2 Qh6 25. Nxb7 fxg3 26. hxg3 Qe3+ 27. Qf2 Qe7 28. Qf3
Rb8 29. Na5 Ne5 30. Qd5+ Nf7 31. Rae1 Qg5 32. Nc6 Rbe8 33. Qf3 Nh6 34. Qf4 Qh5
35. Qh4 Qg6 36. Ne7+ Rxe7 37. Rxe7 f4 38. Re4 f3 39. Rf4 Re8 40. R1xf3 1-0

[Event "10th Zudov Mem 2014"]
[Site "Nizhny Tagil RUS"]
[Date "2014.09.15"]
[Round "5.4"]
[White "Goganov, Aleksey"]
[Black "Ovetchkin, Roman"]
[Result "1/2-1/2"]
[WhiteTitle "GM"]
[BlackTitle "GM"]
[WhiteElo "2608"]
[BlackElo "2524"]
[WhiteFideId "24109959"]
[BlackFideId "4119991"]
[EventDate "2014.09.11"]

1. Nf3 d5 2. g3 Nf6 3. Bg2 e6 4. O-O Be7 5. c4 O-O 6. d4 dxc4 7. Qc2 a6 8. a4
Bd7 9. Rd1 Bc6 10. Nc3 Bxf3 11. Bxf3 Nc6 12. Bxc6 bxc6 13. a5 Rb8 14. Ra4 Rb4
15. Na2 Rxa4 16. Qxa4 Qd5 17. Nc3 Qh5 18. Qxc6 Bb4 19. Qxc4 Qxa5 20. Bf4 Rc8 21.
Rc1 c6 22. Na2 Bf8 23. Nc3 Bb4 24. Na2 Bf8 25. Nc3 Bb4 1/2-1/2

[Event "10th Zudov Mem 2014"]
[Site "Nizhny Tagil RUS"]
[Date "2014.09.15"]
[Round "5.5"]
[White "Vokarev, Sergey"]
[Black "Kryakvin, Dmitry"]
[Result "1/2-1/2"]
[WhiteTitle "GM"]
[BlackTitle "GM"]
[WhiteElo "2437"]
[BlackElo "2562"]
[WhiteFideId "4119711"]
[BlackFideId "4153278"]
[EventDate "2014.09.11"]

1. e4 c5 2. Nf3 Nc6 3. Bb5 e6 4. O-O Nge7 5. Re1 a6 6. Bf1 d5 7. exd5 Qxd5 8. b3
Nf5 9. Bd3 Be7 10. Nc3 Qd8 11. Ba3 O-O 12. Bxf5 exf5 13. d4 cxd4 14. Bxe7 Nxe7
15. Nxd4 Ng6 16. Qd2 b5 17. Rad1 Ra7 18. a4 bxa4 19. Nxa4 Re7 20. Rxe7 Qxe7 21.
Re1 Qc7 22. Qc3 Qd8 23. Nc6 Qg5 24. Qg3 Qd2 25. Qc3 Qg5 26. Qg3 Qd2 27. Qc3 Qg5 1/2-1/2

[Event "10th Zudov Mem 2014"]
[Site "Nizhny Tagil RUS"]
[Date "2014.09.15"]
[Round "5.6"]
[White "Solovjev, Nikolay2"]
[Black "Andriasian, Zaven"]
[Result "0-1"]
[WhiteTitle "FM"]
[BlackTitle "GM"]
[WhiteElo "2311"]
[BlackElo "2622"]
[WhiteFideId "24112127"]
[BlackFideId "13302000"]
[EventDate "2014.09.11"]

1. d4 Nf6 2. Nf3 c5 3. d5 g6 4. c4 b5 5. cxb5 a6 6. bxa6 Bxa6 7. Nc3 Bg7 8. Nd2
Qa5 9. e4 Bxf1 10. Kxf1 d6 11. Qe2 O-O 12. g4 Nbd7 13. h3 Rfb8 14. Kg2 Nb6 15.
a3 Nfd7 16. Na2 Na4 17. Nc4 Qa6 18. Qc2 Ndb6 19. Ne3 Bd4 20. Rb1 Bxe3 21. Bxe3
Qc4 22. Nc3 Nxc3 23. bxc3 Rxa3 24. Rb2 Rxc3 25. Qb1 Qa6 26. Rb5 Ra3 27. Qb2 Ra2
28. Qb3 Ra5 29. Rxa5 Qxa5 30. h4 Nd7 31. Qc2 Ne5 32. Kg3 Qa3 33. Rb1 Rxb1 34.
Qxb1 Qb4 35. Qa1 Qb7 36. Bxc5 Qc8 37. f3 Qxc5 0-1

[Event "10th Zudov Mem 2014"]
[Site "Nizhny Tagil RUS"]
[Date "2014.09.15"]
[Round "5.7"]
[White "Savchenko, Boris"]
[Black "Kanter, Eduard"]
[Result "1-0"]
[WhiteTitle "GM"]
[BlackTitle "IM"]
[WhiteElo "2608"]
[BlackElo "2401"]
[WhiteFideId "4147332"]
[BlackFideId "4103963"]
[EventDate "2014.09.11"]

1. e4 c5 2. Nf3 d6 3. d4 cxd4 4. Nxd4 Nf6 5. Nc3 g6 6. f3 Bg7 7. Be3 O-O 8. Qd2
Nc6 9. Bc4 Bd7 10. O-O-O Rb8 11. Rhe1 Ne5 12. Bf1 Qc8 13. Bh6 Bxh6 14. Qxh6 Qc5
15. h4 Rbc8 16. Kb1 Be6 17. h5 Nxh5 18. g4 Nf6 19. Be2 Qb6 20. Nd5 Bxd5 21. exd5
Kh8 22. Rh1 Rg8 23. g5 Nh5 24. f4 Nc4 25. b3 Qb4 26. Bxc4 Rxc4 27. Ne2 Re4 28.
c3 Qc5 29. Ng3 Rxf4 30. Nxh5 gxh5 31. g6 Rxg6 32. Qxf4 Qxc3 33. Qd4+ 1-0

[Event "10th Zudov Mem 2014"]
[Site "Nizhny Tagil RUS"]
[Date "2014.09.15"]
[Round "5.8"]
[White "Bocharov, Dmitry"]
[Black "Drygalov, Sergey"]
[Result "1-0"]
[WhiteTitle "GM"]
[WhiteElo "2575"]
[BlackElo "2224"]
[WhiteFideId "4138716"]
[BlackFideId "24171743"]
[EventDate "2014.09.11"]

1. d4 d5 2. c4 c6 3. Nc3 Nf6 4. e3 e6 5. Nf3 Nbd7 6. Bd3 dxc4 7. Bxc4 b5 8. Be2
a6 9. O-O Bb7 10. e4 c5 11. e5 Nd5 12. a4 Nxc3 13. bxc3 c4 14. axb5 axb5 15. Rb1
Bc6 16. Ng5 Be7 17. Bf3 Bxf3 18. Qxf3 O-O 19. Ne4 Rb8 20. Qg3 Kh8 21. Bg5 Bxg5
22. Nxg5 Qa5 23. f4 b4 24. f5 exf5 25. Rxf5 bxc3 26. Rbf1 Qd5 27. Qg4 c2 28.
Nxh7 Kxh7 29. Rh5+ Kg8 30. Qh4 f6 31. e6 Qxh5 32. Qxh5 Rb1 33. Qf5 c1=Q 34. Rxc1
Rxc1+ 35. Kf2 Ne5 36. e7 Nd3+ 37. Kg3 Rb8 38. Qd5+ Kh7 39. Qh5+ Kg8 40. e8=R+
Rxe8 41. Qxe8+ Kh7 42. h4 Nb4 43. h5 c3 44. Qg6+ 1-0

[Event "10th Zudov Mem 2014"]
[Site "Nizhny Tagil RUS"]
[Date "2014.09.15"]
[Round "5.9"]
[White "Shomoev, Anton"]
[Black "Tsvetkov, Pavel"]
[Result "1-0"]
[WhiteTitle "GM"]
[WhiteElo "2568"]
[BlackElo "2181"]
[WhiteFideId "4135148"]
[BlackFideId "4132661"]
[EventDate "2014.09.11"]

1. Nf3 Nf6 2. c4 g6 3. Nc3 d5 4. cxd5 Nxd5 5. Qb3 Nb6 6. d4 Bg7 7. Bf4 Be6 8.
Qa3 Bc4 9. Ne5 Ba6 10. Rd1 O-O 11. h4 Qd6 12. Qb3 Nc6 13. Ne4 Nxd4 14. Nxd6 Nxb3
15. Ndxf7 Nd4 16. Rxd4 Rxf7 17. e3 Bxf1 18. Rxf1 Rf5 19. Re4 Nd5 20. Bh2 a5 21.
Ke2 a4 22. a3 Ra5 23. Rc1 c6 24. Nd3 Kf8 25. g4 Rf7 26. Rcc4 Rb5 27. Rxa4 Bxb2
28. Kf1 Ke8 29. Ra8+ Kd7 30. a4 Nb6 31. axb5 Nxa8 32. bxc6+ 1-0

[Event "10th Zudov Mem 2014"]
[Site "Nizhny Tagil RUS"]
[Date "2014.09.15"]
[Round "5.10"]
[White "Yudin, Sergei"]
[Black "Novoselov, Roman"]
[Result "1-0"]
[WhiteTitle "GM"]
[WhiteElo "2545"]
[BlackElo "2225"]
[WhiteFideId "4159659"]
[BlackFideId "4135067"]
[EventDate "2014.09.11"]

1. Nf3 d5 2. c4 e6 3. g3 Nf6 4. Bg2 Be7 5. d4 O-O 6. Qc2 Nbd7 7. O-O c5 8. cxd5
Nxd5 9. a3 b5 10. dxc5 Nxc5 11. e4 Nb6 12. Rd1 Qe8 13. Be3 Na6 14. Nc3 Nc4 15.
Bc1 Bb7 16. Nd4 b4 17. Ncb5 Qc8 18. Qe2 Rd8 19. Bf4 e5 20. Nf5 Rxd1+ 21. Rxd1
Bf8 22. Bg5 Qc5 23. a4 Nb6 24. Rc1 1-0

[Event "10th Zudov Mem 2014"]
[Site "Nizhny Tagil RUS"]
[Date "2014.09.15"]
[Round "5.11"]
[White "Yuffa, Daniil"]
[Black "Kopjonkin, Kirill"]
[Result "1-0"]
[WhiteTitle "IM"]
[WhiteElo "2449"]
[BlackElo "2073"]
[WhiteFideId "24131423"]
[BlackFideId "24140090"]
[EventDate "2014.09.11"]

1. g3 g6 2. Bg2 Bg7 3. Nf3 d6 4. O-O Nf6 5. c4 O-O 6. Nc3 e5 7. Rb1 a5 8. a3 c6
9. d3 Qe7 10. b4 d5 11. cxd5 Nxd5 12. Bd2 Nxc3 13. Bxc3 axb4 14. axb4 Be6 15.
Nd2 Rd8 16. Qc2 Ra2 17. Rb2 Rxb2 18. Qxb2 Bd5 19. b5 Bxg2 20. Kxg2 cxb5 21. Qxb5
Nc6 22. Rb1 Nd4 23. Bxd4 exd4 24. Kf1 Re8 25. Ne4 b6 26. Qxb6 f5 27. Nd6 Qxe2+
28. Kg2 Re3 29. Qb3+ Re6 30. Ne4 1-0

[Event "10th Zudov Mem 2014"]
[Site "Nizhny Tagil RUS"]
[Date "2014.09.15"]
[Round "5.12"]
[White "Smirnov, Alexey"]
[Black "Radzhabov, Rodion"]
[Result "1-0"]
[WhiteElo "2466"]
[BlackElo "1994"]
[WhiteFideId "4168437"]
[BlackFideId "884715"]
[EventDate "2014.09.11"]

1. d4 Nf6 2. c4 e6 3. Nc3 Bb4 4. Qc2 O-O 5. a3 Be7 6. e4 d6 7. Nf3 Nbd7 8. Be2
e5 9. d5 a5 10. O-O Nc5 11. Be3 Na6 12. Rab1 Ng4 13. Bd2 f5 14. b4 axb4 15. axb4
b6 16. h3 fxe4 17. Nxe4 Nf6 18. Bd3 h6 19. Ra1 Nxe4 20. Bxe4 Bb7 21. Bf5 Qe8 22.
Ra3 Kh8 23. Rfa1 b5 24. c5 e4 25. Bxe4 Bf6 26. c6 Bxc6 27. dxc6 Bxa1 28. Rxa1
Qf7 29. Ra5 Qc4 30. Qxc4 bxc4 31. Bd5 Rfb8 32. Bxc4 1-0

[Event "10th Zudov Mem 2014"]
[Site "Nizhny Tagil RUS"]
[Date "2014.09.15"]
[Round "5.13"]
[White "Matskevich, Ivan"]
[Black "Trefilov, Alexey"]
[Result "0-1"]
[BlackTitle "FM"]
[WhiteElo "1949"]
[BlackElo "2220"]
[WhiteFideId "34191930"]
[BlackFideId "4171721"]
[EventDate "2014.09.11"]

1. e4 c5 2. Nc3 Nc6 3. g3 g6 4. Bg2 Bg7 5. d3 Rb8 6. Be3 d6 7. Nge2 Bd7 8. h3 b5
9. Qd2 Qa5 10. O-O e6 11. a3 Nd4 12. Nf4 Ne7 13. Rab1 b4 14. axb4 Qxb4 15. Qd1
O-O 16. h4 a5 17. Bd2 Qb6 18. h5 Nec6 19. hxg6 hxg6 20. Kh2 Nb4 21. Rc1 Nbxc2
22. Rxc2 Nxc2 23. Qxc2 Qxb2 24. Rc1 Qxc2 25. Rxc2 Rb3 26. Nd1 a4 27. Bc3 a3 28.
Bxg7 Kxg7 29. Bf1 Rb1 30. Be2 Ba4 31. Rd2 Bxd1 32. Bxd1 Ra8 33. Ne2 a2 34. Rxa2
Rxa2 35. Nc3 Rxf2+ 36. Kg1 Rd2 0-1

[Event "10th Zudov Mem 2014"]
[Site "Nizhny Tagil RUS"]
[Date "2014.09.15"]
[Round "5.14"]
[White "Chapkovskiy, Jakov"]
[Black "Dilmukhametov, Artur"]
[Result "0-1"]
[WhiteElo "1827"]
[BlackElo "2157"]
[WhiteFideId "24140066"]
[BlackFideId "24179922"]
[EventDate "2014.09.11"]

1. c4 Nf6 2. Nf3 c6 3. d3 d5 4. Nbd2 Bg4 5. e3 Nbd7 6. Be2 e5 7. a3 Bd6 8. b4
O-O 9. Bb2 e4 10. dxe4 dxe4 11. Nd4 Bxe2 12. Nxe2 Be5 13. Qc2 Bxb2 14. Qxb2 Re8
15. O-O Qc7 16. Ng3 h5 17. Qc2 Qe5 18. c5 h4 19. Nc4 Qg5 20. Ne2 h3 21. Ng3 hxg2
22. Kxg2 Qh4 23. h3 Re6 24. f4 exf3+ 25. Rxf3 Ne5 26. Rf4 Qg5 27. h4 Nxc4 28.
Qxc4 Qd5+ 29. Kf2 Qd2+ 30. Qe2 Qxe2+ 31. Nxe2 Rae8 32. Rf3 Rxe3 33. Rxe3 Ng4+
34. Kf3 Nxe3 35. Nd4 Nc4 36. Nc2 Rd8 37. Ke4 g6 38. Nd4 Nd2+ 39. Ke3 Rxd4 0-1

[Event "10th Zudov Mem 2014"]
[Site "Nizhny Tagil RUS"]
[Date "2014.09.15"]
[Round "5.15"]
[White "Ginosyan, Razmik"]
[Black "Scherbakov, Mikhail"]
[Result "1/2-1/2"]
[WhiteElo "2048"]
[BlackElo "1988"]
[WhiteFideId "24190144"]
[BlackFideId "34130184"]
[EventDate "2014.09.11"]

1. d4 Nf6 2. c4 c5 3. d5 b5 4. Nd2 Ba6 5. e4 bxc4 6. Bxc4 Qa5 7. Qc2 d6 8. Nf3
Nbd7 9. O-O g6 10. b3 Bg7 11. Bb2 O-O 12. h3 Bxc4 13. Nxc4 Qc7 14. Rfd1 Nb6 15.
Ne3 Rac8 16. a4 a5 17. Bc3 Qa7 18. e5 Nfd7 19. e6 fxe6 20. dxe6 Nf6 21. Nc4 Nxc4
22. bxc4 Nh5 23. Rab1 Rxf3 24. gxf3 Bxc3 25. Qxc3 Nf4 26. Qe3 Rf8 27. Rb5 g5 28.
Rdb1 Qa8 29. Qe4 Qxe4 30. fxe4 Ne2+ 31. Kg2 Nc3 32. R1b3 Nxb5 33. Rxb5 Kg7 34.
e5 Rf4 35. Rxa5 Rxc4 36. Ra7 dxe5 37. Rxe7+ Kf6 38. Rxh7 Kxe6 39. Ra7 Kd6 40. a5
Ra4 41. a6 c4 42. Ra8 Kc7 43. Re8 Rxa6 44. Rxe5 Rc6 45. Kf3 c3 46. Re1 Kb6 47.
Rc1 Kb5 48. Kg4 Rc5 49. h4 gxh4 50. Kxh4 Kc4 51. f4 Kd3 52. Kg4 Kd2 53. Rh1 c2
54. f5 c1=Q 55. Rxc1 Kxc1 1/2-1/2

[Event "10th Zudov Mem 2014"]
[Site "Nizhny Tagil RUS"]
[Date "2014.09.15"]
[Round "5.17"]
[White "Mukhina, Jana"]
[Black "Drygalov, Andrey"]
[Result "0-1"]
[WhiteElo "1972"]
[BlackElo "2147"]
[WhiteFideId "34115428"]
[BlackFideId "24171735"]
[EventDate "2014.09.11"]

1. e4 c5 2. Nf3 e6 3. d4 cxd4 4. Nxd4 Nc6 5. Nc3 Qc7 6. Be3 a6 7. Qd2 Nf6 8. f4
d6 9. Be2 Be7 10. Bf3 Na5 11. Nce2 e5 12. Nb3 Nc4 13. Qc3 b5 14. Nd2 Be6 15.
Nxc4 bxc4 16. O-O O-O 17. f5 Bd7 18. Ng3 Rfc8 19. Nh5 Rab8 20. Nxf6+ Bxf6 21.
Rad1 Be7 22. Kh1 f6 23. a3 Kh8 24. Bc1 Qb7 25. Rfe1 Bf8 26. Bh5 Bc6 27. Bf3 Qf7
28. Re3 Bb7 29. Qd2 Rc5 30. b4 cxb3 31. Rxb3 Rbc8 32. Qb4 Ba8 33. Be3 Rxc2 34.
Rbb1 d5 35. Qb3 R2c3 36. Qb6 d4 37. Bd2 R3c6 38. Qa5 Qa2 39. Bb4 Bxb4 40. Qxb4
Rc2 41. h3 R2c3 42. a4 Qf2 43. Rb2 Qh4 44. Rb3 Rxb3 45. Qxb3 Bxe4 46. Qe6 Rf8
47. Rc1 Bxf3 48. Rc8 Qxh3+ 0-1

[Event "10th Zudov Mem 2014"]
[Site "Nizhny Tagil RUS"]
[Date "2014.09.15"]
[Round "5.19"]
[White "Komarov, Alexander"]
[Black "Kolyadin, Alexander"]
[Result "1-0"]
[WhiteElo "2106"]
[BlackElo "1706"]
[WhiteFideId "4178360"]
[BlackFideId "24145327"]
[EventDate "2014.09.11"]

1. d4 e6 2. c4 Nf6 3. Nf3 c6 4. Nc3 d5 5. e3 Bb4 6. Bd2 O-O 7. Bd3 Nbd7 8. O-O
Re8 9. Nxd5 Nxd5 10. cxd5 Bxd2 11. dxc6 Bxe3 12. cxd7 Bxf2+ 13. Rxf2 Qxd7 14.
Ne5 Qe7 15. Bxh7+ Kxh7 16. Qh5+ Kg8 17. Rxf7 Qf6 18. Rxf6 Re7 19. Rf8+ Kxf8 20.
Qh8# 1-0

[Event "10th Zudov Mem 2014"]
[Site "Nizhny Tagil RUS"]
[Date "2014.09.15"]
[Round "5.20"]
[White "Guterman, Ilja"]
[Black "Makhnev, Petr"]
[Result "1/2-1/2"]
[WhiteElo "1883"]
[BlackElo "1519"]
[WhiteFideId "24121959"]
[BlackFideId "24193470"]
[EventDate "2014.09.11"]

1. d4 Nf6 2. c4 e6 3. Nf3 b6 4. Nc3 Bb7 5. Bg5 Be7 6. e3 O-O 7. Bd3 d5 8. cxd5
Nxd5 9. Bxe7 Qxe7 10. O-O Nd7 11. Rc1 c5 12. a3 cxd4 13. Nxd4 Ne5 14. Bxh7+ Kxh7
15. Qh5+ Kg8 16. Qxe5 Rac8 17. Ncb5 Ba6 18. Nd6 Rcd8 19. N6b5 Rc8 20. Rfe1 Qd7
21. Nd6 Rcd8 22. Ne4 Rfe8 23. Qh5 Bd3 24. Ng5 Bg6 25. Qh4 e5 26. Ndf3 Nf6 27.
Qc4 Rc8 28. Qb3 Qf5 29. Nh3 Qg4 30. Rxc8 Qxc8 31. Nh4 Be4 32. Ng5 Bd5 33. Qd1
Rd8 34. Qe2 Bc4 35. Qf3 Qa6 36. Nf5 Qb5 37. Qb7 Qxb2 38. Qc7 Qd2 39. Nf3 Qd3 40.
Nxe5 Qd2 41. Nf3 Qd7 42. Ne7+ Kf8 43. Ng6+ fxg6 44. Qxc4 Re8 45. h3 Qf5 46. Nd4
Qe4 47. Qc7 Re7 48. Qb8+ Kf7 49. Rc1 Nd5 50. Rc8 g5 51. Rf8+ Kg6 52. Qd6+ Nf6
53. Rc8 Rd7 54. Qb4 Nd5 55. Rc6+ Kh7 56. Qf8 Nxe3 57. fxe3 Qxe3+ 58. Kh1 Qe1+
59. Kh2 Qe5+ 60. g3 Rxd4 61. Qf2 Qe4 62. Rc3 Rd1 63. Qg2 Qd5 64. Qxd5 Rxd5 65.
Kg2 Kg6 66. Kf3 Kf5 67. g4+ Ke5 68. Ke3 Kd6 69. Ke4 Re5+ 70. Kd4 Rd5+ 71. Ke4
Re5+ 72. Kd4 b5 73. Rf3 Rd5+ 74. Ke4 Ke6 75. Rc3 Kd6 76. Rc8 Re5+ 77. Kd4 Rd5+
78. Ke4 Re5+ 79. Kd4 Rd5+ 80. Ke4 1/2-1/2

[Event "10th Zudov Mem 2014"]
[Site "Nizhny Tagil RUS"]
[Date "2014.09.15"]
[Round "5.21"]
[White "Shishkin, Mikhail"]
[Black "Povodyr, Alexander"]
[Result "0-1"]
[WhiteElo "1448"]
[BlackElo "1811"]
[WhiteFideId "2805656"]
[BlackFideId "4195361"]
[EventDate "2014.09.11"]

1. d4 Nf6 2. c4 e6 3. Nc3 Bb4 4. Bd2 O-O 5. Nf3 b6 6. a3 Be7 7. e4 Bb7 8. e5 Ne4
9. Nxe4 Bxe4 10. Be2 d5 11. Bc3 f5 12. O-O g5 13. Nd2 f4 14. f3 Bg6 15. cxd5
exd5 16. b4 Bf5 17. Rc1 Be6 18. Bd3 Nd7 19. Bb2 c5 20. Qc2 Rf7 21. bxc5 bxc5 22.
Qa4 Qb6 23. Rb1 c4 24. Bc3 Qc7 25. Bc2 Nb6 26. Qa5 Bd8 27. Rb2 Qc8 28. Rb5 Bd7
29. Rxd5 Nxd5 30. Qxd5 Be6 31. Qc5 Rc7 32. Qa5 Rc6 33. Qa4 Ra6 34. Qe8+ Kg7 35.
Bb4 Bg8 36. Qh5 Rh6 37. Qg4 Be6 0-1

[Event "10th Zudov Mem 2014"]
[Site "Nizhny Tagil RUS"]
[Date "2014.09.16"]
[Round "6.1"]
[White "Maletin, Pavel"]
[Black "Harutjunyan, Gevorg"]
[Result "0-1"]
[WhiteTitle "GM"]
[BlackTitle "GM"]
[WhiteElo "2570"]
[BlackElo "2444"]
[WhiteFideId "4146786"]
[BlackFideId "13300873"]
[EventDate "2014.09.11"]

1. c4 Nf6 2. g3 g6 3. Bg2 Bg7 4. Nc3 O-O 5. d4 d6 6. Nf3 Nbd7 7. O-O e5 8. e4 c6
9. h3 exd4 10. Nxd4 Qb6 11. Nc2 Qc7 12. Be3 b6 13. b3 Re8 14. Nd4 Bb7 15. Qc2 a6
16. a4 Rac8 17. Rac1 Qb8 18. Qb1 Re7 19. Nde2 Rce8 20. Bf4 Nc5 21. f3 Ne6 22.
Be3 d5 23. Bxb6 dxe4 24. fxe4 c5 25. a5 Nxe4 26. Bxe4 Nd4 27. Nf4 Bxe4 28. Nxe4
Rxe4 29. Rcd1 g5 30. Nh5 Re2 0-1

[Event "10th Zudov Mem 2014"]
[Site "Nizhny Tagil RUS"]
[Date "2014.09.16"]
[Round "6.2"]
[White "Demchenko, Anton"]
[Black "Matsenko, Sergei"]
[Result "1-0"]
[WhiteTitle "GM"]
[BlackTitle "IM"]
[WhiteElo "2588"]
[BlackElo "2485"]
[WhiteFideId "4160258"]
[BlackFideId "4170083"]
[EventDate "2014.09.11"]

1. e4 e6 2. d4 d5 3. Nd2 Nc6 4. Ngf3 Nf6 5. e5 Nd7 6. Bd3 Nb4 7. Be2 c5 8. c3
Nc6 9. O-O cxd4 10. cxd4 f6 11. exf6 Nxf6 12. Re1 Bd6 13. Bd3 O-O 14. Nf1 Qc7
15. Be3 Bd7 16. Rc1 Bb4 17. Re2 Be8 18. Ng3 Qe7 19. Bg5 h6 20. Bd2 Bxd2 21. Qxd2
Bh5 22. Nxh5 Nxh5 23. Re3 Rf6 24. Bb5 Nd8 25. Rec3 Qb4 26. Bf1 Nf4 27. Ne5 Ng6
28. a3 Qd6 29. Qe3 Ne7 30. Rc7 Nf5 31. Qd2 Nf7 32. Rc8+ Rxc8 33. Rxc8+ Kh7 34.
Qc3 Ng5 35. f3 Nf7 36. Bd3 Nxe5 37. dxe5 Qb6+ 38. Qc5 Rg6 39. Qxb6 axb6 40. g4
h5 41. h3 1-0

[Event "10th Zudov Mem 2014"]
[Site "Nizhny Tagil RUS"]
[Date "2014.09.16"]
[Round "6.3"]
[White "Andriasian, Zaven"]
[Black "Yudin, Sergei"]
[Result "1/2-1/2"]
[WhiteTitle "GM"]
[BlackTitle "GM"]
[WhiteElo "2622"]
[BlackElo "2545"]
[WhiteFideId "13302000"]
[BlackFideId "4159659"]
[EventDate "2014.09.11"]

1. e4 e5 2. Nf3 Nc6 3. Bb5 Nf6 4. Qe2 Bc5 5. c3 O-O 6. d3 Re8 7. Bg5 d6 8. Nbd2
a6 9. Ba4 b5 10. Bb3 h6 11. Bh4 Rb8 12. Nf1 Be6 13. Ne3 Bxe3 14. fxe3 Bxb3 15.
axb3 a5 16. O-O Qe7 17. Qe1 Rb6 18. Bxf6 Qxf6 19. Nd4 Qd8 20. Nxc6 Rxc6 21. Rxa5
Rb6 22. Qf2 Re7 23. Qh4 Qd7 24. Ra7 Rb8 25. b4 Ree8 26. Rfa1 Rbc8 27. h3 d5 28.
Qg4 Qxg4 29. hxg4 dxe4 30. dxe4 Re6 31. Rd1 Rg6 32. Rd7 c6 33. Rxf7 Rxg4 34. Kf2
Rg6 35. Kf3 Rd8 36. Rad7 Ra8 37. Rf5 Re6 38. Rff7 Rg6 39. Rf5 Re6 40. Rff7 Rg6
41. Rf5 1/2-1/2

[Event "10th Zudov Mem 2014"]
[Site "Nizhny Tagil RUS"]
[Date "2014.09.16"]
[Round "6.4"]
[White "Goganov, Aleksey"]
[Black "Yuffa, Daniil"]
[Result "1-0"]
[WhiteTitle "GM"]
[BlackTitle "IM"]
[WhiteElo "2608"]
[BlackElo "2449"]
[WhiteFideId "24109959"]
[BlackFideId "24131423"]
[EventDate "2014.09.11"]

1. d4 Nf6 2. c4 g6 3. Nc3 Bg7 4. e4 d6 5. Nf3 O-O 6. Be2 e5 7. O-O Nc6 8. d5 Ne7
9. Nd2 a5 10. a3 Nd7 11. Rb1 f5 12. b4 axb4 13. axb4 Nf6 14. c5 fxe4 15. Ndxe4
Nf5 16. Bg5 Nxe4 17. Nxe4 Qd7 18. Bc4 h6 19. Bd2 Qe7 20. b5 Qh4 21. f3 dxc5 22.
d6+ Kh7 23. dxc7 b6 24. Ra1 Bb7 25. Rxa8 Rxa8 26. Bd5 Bxd5 27. Bg5 hxg5 28. Qxd5
Rf8 29. g3 Qh5 30. Qd7 Nd4 31. c8=Q Rxf3 32. Qh3 Ne2+ 33. Kg2 Nf4+ 34. gxf4 1-0

[Event "10th Zudov Mem 2014"]
[Site "Nizhny Tagil RUS"]
[Date "2014.09.16"]
[Round "6.5"]
[White "Ovetchkin, Roman"]
[Black "Savchenko, Boris"]
[Result "0-1"]
[WhiteTitle "GM"]
[BlackTitle "GM"]
[WhiteElo "2524"]
[BlackElo "2608"]
[WhiteFideId "4119991"]
[BlackFideId "4147332"]
[EventDate "2014.09.11"]

1. d4 Nf6 2. Nf3 g6 3. c4 Bg7 4. Nc3 O-O 5. e4 d6 6. h3 e5 7. d5 Nh5 8. g3 f5 9.
exf5 gxf5 10. Ng5 Qe8 11. Be2 Nf6 12. g4 h6 13. Ne6 Bxe6 14. dxe6 Qxe6 15. gxf5
Qxf5 16. Be3 Nc6 17. Qd2 Nd4 18. O-O-O Nxe2+ 19. Qxe2 Rf7 20. Rhg1 Kh7 21. h4
Raf8 22. c5 Rd7 23. Qc4 Rfd8 24. Nd5 Nxd5 25. Rxd5 dxc5 26. Rxc5 c6 27. Qg4 Qxg4
28. Rxg4 Rd1+ 29. Kc2 Rh1 30. Rcc4 a6 31. a4 Bf6 32. a5 Rd5 33. b4 Rh2 34. Rce4
h5 35. Rg3 Bxh4 36. Rf3 Kg7 37. Kc3 Bf6 38. Rg3+ Kf7 39. Bg5 Rxf2 40. Rh4 Bg7
41. Be3 Rf5 0-1

[Event "10th Zudov Mem 2014"]
[Site "Nizhny Tagil RUS"]
[Date "2014.09.16"]
[Round "6.7"]
[White "Khegay, Dmitriy"]
[Black "Shomoev, Anton"]
[Result "0-1"]
[WhiteTitle "FM"]
[BlackTitle "GM"]
[WhiteElo "2375"]
[BlackElo "2568"]
[WhiteFideId "24153729"]
[BlackFideId "4135148"]
[EventDate "2014.09.11"]

1. d4 d5 2. c4 e6 3. Nc3 c6 4. Nf3 Nf6 5. cxd5 exd5 6. Qc2 Be7 7. Bg5 g6 8. Bxf6
Bxf6 9. e4 O-O 10. exd5 cxd5 11. Be2 Nc6 12. Qd2 Bf5 13. O-O Be4 14. Rad1 Qd6
15. Rfe1 Rae8 16. Ne5 Nxe5 17. dxe5 Rxe5 18. Nxe4 Rxe4 19. Bf3 Rd4 20. Qa5 Qb4
21. Qxb4 Rxb4 22. Bxd5 Rxb2 23. Rb1 Rxb1 24. Rxb1 b6 25. Rd1 Rc8 26. Bb3 Rc7 27.
Kf1 Kf8 28. g3 Be7 29. Rd2 b5 30. Rd5 Bc5 31. Bd1 Ke7 32. Be2 a6 33. Rd2 Bb4 34.
Rd4 Rc1+ 35. Kg2 Bc3 36. Re4+ Kd6 37. Bd3 Rd1 38. Bc2 Rd2 39. Bb3 Bd4 40. Rf4 f5
41. Bg8 Ke5 42. Rf3 h6 43. h4 g5 44. hxg5 hxg5 45. Bh7 f4 46. gxf4+ gxf4 47. Bg8
b4 48. a3 a5 49. axb4 axb4 50. Bf7 Bc5 51. Bc4 Ke4 52. Bb3 Bb6 53. Ba4 Ra2 54.
Bb3 Ra3 55. Rh3 Bc7 56. Rh7 Rxb3 57. Rxc7 Rc3 58. Rd7 b3 59. Rb7 Kd3 60. Kf3
Kc2+ 61. Kxf4 b2 62. Rxb2+ Kxb2 63. Ke4 Kb3 0-1